| 000 | 00331nam a22001337a 4500 | ||
|---|---|---|---|
| 008 | 180920b xxu||||| |||| 00| 0 eng d | ||
| 020 | _a9780781716215 | ||
| 041 | _aeng | ||
| 080 |
_23 ED _a615 |
||
| 100 | _a5 | ||
| 101 | _aSHF | ||
| 245 |
_aPharmacology Physiology In Anesthesia Practice _cStoelting .K.R |
||
| 942 |
_2udc _cBK |
||
| 999 |
_c48124 _d48124 |
||